Journal of biosciences
| Previous Title: | Proceedings, Experimental Biology Section Proceedings. Plant sciences Proceedings. Animal sciences |
|---|---|
| Corporate Author: | |
| Format: | Electronic Journal |
| Language: | English |
| Published: |
Bangalore, India :
Indian Academy of Sciences,
1979-
|
| Subjects: | |
| Online Access: | Full text available from Research Library: 03/01/1997 to 1 year ago |
MARC
| LEADER | 00000nas a2200000 a 4500 | ||
|---|---|---|---|
| 001 | ssj0019430 | ||
| 003 | WaSeSS | ||
| 005 | 20200512172242.0 | ||
| 006 | m d | ||
| 007 | cr n | ||
| 008 | 021206c19799999ii qx p s 0 a0eng c | ||
| 010 | |a 2003252209 |z sc 81007127 | ||
| 016 | 7 | |a 2071290-X |2 DE-600 | |
| 016 | 7 | |a 013737566 |2 Uk | |
| 016 | 7 | |a 8100809 |2 DNLM | |
| 016 | 7 | |a J14655000 |2 DNLM | |
| 022 | |a 0973-7138 |l 0250-5991 |y 0250-5991 | ||
| 035 | |a (WaSeSS)ssj0019430 | ||
| 037 | |b Indian Academy of Sciences, P.B. No. 621, Bangalore, 560 006 | ||
| 040 | |a OUN |b eng |e pn |c OUN |d WAU |d OCLCQ |d EYM |d WTU |d OCLCQ |d CUS |d SERSO |d HEBIS |d OCLCQ |d MYG |d TXA |d OCLCQ |d OCLCF |d OCLCQ |d OCLCO |d OCLCQ |d WT2 |d UEJ |d OCLCQ |d OCLCO |d OCLCA |d BUF |d OCLCQ |d OCLCO |d OCLCE |d WY@ |d OCLCO |d OCLCQ |d LND |d CASUM |d VT2 |d AUD |d U3W |d OCLCA |d UKMGB |d DLC |d IL4I4 |d UKWOH |d UAB |d J9U |d LEAUB |d CNTRU |d ADU |d UKBTH |d OCLCA |d LIP |d OCLCQ |d WaSeSS | ||
| 042 | |a pcc |a dlr | ||
| 050 | 0 | 0 | |a QD415.A1 |
| 060 | 0 | 0 | |a W1 |b JO567N |
| 130 | 0 | |a Journal of biosciences (Online) | |
| 222 | 0 | |a Journal of biosciences |b (online) | |
| 245 | 1 | 0 | |a Journal of biosciences |h [electronic resource]. |
| 246 | 3 | |a J. Biosci | |
| 260 | |a Bangalore, India : |b Indian Academy of Sciences, |c 1979- | ||
| 310 | |a Quarterly | ||
| 362 | 1 | |a Began with Vol. 1, issue 1 (Mar. 1979). | |
| 506 | |a License restrictions may limit access. | ||
| 515 | |a Some numbers issued in combined form. | ||
| 525 | |a Occasional v. has numbered, supplemental issue. | ||
| 538 | |a Master and use copy. Digital master created according to Benchmark for Faithful Digital Reproductions of Monographs and Serials, Version 1. Digital Library Federation, December 2002. |u http://purl.oclc.org/DLF/benchrepro0212 |5 MiAaHDL | ||
| 538 | |a Mode of access: World Wide Web. | ||
| 580 | |a Absorbed in June 1991: Proceeding. Plant sciences; and: Proceeding. Animal sciences. | ||
| 583 | 1 | |a digitized |c 2011 |h HathiTrust Digital Library |l committed to preserve |2 pda |5 MiAaHDL | |
| 588 | |a Description based on: Vol. 1, issue 1 (Mar. 1979); title from issue table of contents (SpringerLink, viewed May 24, 2012). | ||
| 588 | |a Latest issue consulted: Vol. 43, issue 5 (Dec. 2018) (SpringerLink, viewed Nov. 28, 2018). | ||
| 650 | 0 | |a Biochemistry |v Periodicals. | |
| 650 | 0 | |a Biology |v Periodicals. | |
| 650 | 0 | |a Life sciences |v Periodicals. | |
| 650 | 7 | |a Biochemistry. |2 fast |0 (OCoLC)fst00831961 | |
| 650 | 7 | |a Biology. |2 fast |0 (OCoLC)fst00832383 | |
| 650 | 7 | |a Life sciences. |2 fast |0 (OCoLC)fst00998323 | |
| 650 | 7 | |a Biowissenschaften |2 gnd | |
| 650 | 2 | |a Biochemistry |v Periodicals. | |
| 650 | 2 | |a Biology |v Periodicals. | |
| 650 | 1 | 7 | |a Biologie. |2 gtt |
| 651 | 7 | |a Indien |2 gnd | |
| 655 | 0 | |a Electronic journals. | |
| 710 | 2 | |a Indian Academy of Sciences. | |
| 776 | 0 | 8 | |i Print version: |t Journal of biosciences |x 0250-5991 |w (DLC)sc 81007127 |w (OCoLC)5871960 |
| 780 | 0 | 0 | |t Proceedings, Experimental Biology Section |
| 780 | 1 | 5 | |t Proceedings. Plant sciences |w (OCoLC)623545896 |
| 780 | 1 | 5 | |t Proceedings. Animal sciences |w (OCoLC)623545927 |
| 850 | |a DLC | ||
| 856 | 4 | 0 | |z Full text available from Research Library: 03/01/1997 to 1 year ago |u https://search.proquest.com/publication/54416 |